La Ciudad griega / por G. Glotz ; traducción de Vicente Clavel
Descripción Física:
XXIII, 515 p. ; 21 cm
Otros Autores:
Clavel, Vicente, tr
MARC
| LEADER | 00000nam a2200000Ia 4500 | ||
|---|---|---|---|
| 001 | 744 | ||
| 008 | 160829s1929 xx 000 0 cat d | ||
| 080 | |a H-1-176 | ||
| 100 | |a Glotz, Gustave |9 32881 | ||
| 245 | |a La Ciudad griega / por G. Glotz ; traducción de Vicente Clavel | ||
| 260 | |a Barcelona : |b Ed. Cervantes, |c 1929 | ||
| 300 | |a XXIII, 515 p. ; |c 21 cm | ||
| 490 | |a La evolución de la humanidad : Síntesis colectiva ; 14 | ||
| 650 | |a Grècia |x Història |9 32882 | ||
| 650 | |a Ciutats antigues |x Grècia |9 32883 | ||
| 700 | |a Clavel, Vicente, tr. |9 32884 | ||
| 901 | |a Arxiu | ||
| 942 | |n 1 | ||
| 952 | |0 0 |1 0 |4 0 |6 H1176 |7 1 |9 46134 |a Arxiu |b Arxiu |d 2016-12-01 |l 0 |o H-1-176 |p 744 |r 2016-12-01 00:00:00 |w 2016-12-01 |y ARXIU | ||
| 999 | |c 49636 |d 49636 | ||